| 000 | 01263cam a2200337 a 4500 | ||
|---|---|---|---|
| 999 |
_c11187 _d11187 |
||
| 001 | 15113998 | ||
| 003 | OSt | ||
| 005 | 20191220155243.0 | ||
| 008 | 071214s2009 mauab b 001 0 eng | ||
| 010 | _a 2007051158 | ||
| 020 | _a9788131764428 | ||
| 020 | _a0321485734 | ||
| 040 |
_aDLC _cDLC _dDLC |
||
| 043 | _ad------ | ||
| 050 | 0 | 0 |
_aHD82 _b.T552 2009 |
| 082 | 0 | 0 |
_a338.90091724 _222 _bTOD/E |
| 100 |
_a Todaro, Michael P _9572 |
||
| 245 | 1 | 0 |
_aEconomic development / _cMichael P. Todaro, Stephen C. Smith. |
| 250 | _a10th ed. | ||
| 260 |
_aBoston : _bPearson Addison Wesley, _cc2012. |
||
| 300 |
_axxvii, 861 p. : _bill., maps ; _c24 cm. |
||
| 490 | 0 | _aThe addison-wesley series in economics | |
| 504 | _aIncludes bibliographical references and indexes. | ||
| 650 | 0 | _aEconomic development. | |
| 651 | 0 |
_aDeveloping countries _xEconomic policy. |
|
| 700 | 1 |
_aSmith, Stephen C., _d1955- |
|
| 856 | 4 | 1 |
_3Table of contents only _uhttp://www.loc.gov/catdir/toc/ecip086/2007051158.html |
| 906 |
_a7 _bcbc _corignew _d1 _eecip _f20 _gy-gencatlg |
||
| 942 |
_2ddc _cBK _h338.90091724 _iTOD/E _k338.90091724 _mTOD/E |
||